000 00336nam a2200133Ia 4500
008 240624s9999 xx 000 0 und d
041 _aeng
082 _a004.6 COM
100 _aCOMER DOUGLAS E
245 _aNETWORK SYSTEM DESIGN USING NETWORK PROC
260 _c2004
_aNew Delhi
_bPearson Education
300 _axix, : 515
365 _cRS
999 _c868
_d868